000 00877nas a2200301 4500
001 BR9104462
003 BR-BrBNA
005 20231205092209.0
007 ta
008 230509b bl.|||p| |||| 00| 00por d
040 _aBR-BrBNA
_bpor
_cBiblioteca Nacional de Agricultura
041 _a(Pt)
072 _aF03; F06
100 1 _aAmaral, A. dos S.
100 1 _aPopinigis, F.
100 1 _aGomes, A. da S.
100 1 _aZonta, E.P.
245 1 _aInfluencia do manejo d'agua e de herbicidas no rendimento e na qualidade de sementes de arroz
650 _aARROZ
650 _aSEMENTE
650 _aIRRIGACAO
650 _aRENDIMENTO
650 _aGERMINACAO
650 _aHERBICIDA
773 0 _tRevista Brasileira de Sementes (Brazil)
_xISSN 0101-3122
_g(1983), v. 5(1) p. 53-73
_wBR9104462
909 _a202311
_bLúcia
_c55
_dLúcia Elande
942 _2AGRIS
_n0
_cANA
999 _c130015
_d130015